Learning Resource and Development

Castle Ugly. (Record no. 20005)

MARC details
000 -LEADER
fixed length control field 00814cam a22002531 4500
001 - CONTROL NUMBER
control field castleugly00barr
003 - CONTROL NUMBER IDENTIFIER
control field CaSfIA
005 - DATE AND TIME OF LATEST TRANSACTION
control field 20230525154923.0
007 - PHYSICAL DESCRIPTION FIXED FIELD--GENERAL INFORMATION
fixed length control field cr||||
008 - FIXED-LENGTH DATA ELEMENTS--GENERAL INFORMATION
fixed length control field 720424s1966 nyu 000 1 eng
035 ## - SYSTEM CONTROL NUMBER
-- (DLC) 65011407
010 ## - LIBRARY OF CONGRESS CONTROL NUMBER
LC control number 65011407
035 ## - SYSTEM CONTROL NUMBER
System control number (OCoLC)291621
040 ## - CATALOGING SOURCE
Original cataloging agency DLC
Transcribing agency ODaWU
Modifying agency OCoLC
-- DLC
-- CaSfIA
042 ## - AUTHENTICATION CODE
Authentication code premarc
050 00 - LIBRARY OF CONGRESS CALL NUMBER
Classification number PZ4.B2738
Item number Cas
Classification number PS3552.A735
100 1# - MAIN ENTRY--PERSONAL NAME
Personal name Barrett, Mary Ellin.
245 10 - TITLE STATEMENT
Title Castle Ugly.
Medium [electronic resource]
250 ## - EDITION STATEMENT
Edition statement [1st ed.]
260 ## - PUBLICATION, DISTRIBUTION, ETC.
Place of publication, distribution, etc. New York,
Name of publisher, distributor, etc. Dutton,
Date of publication, distribution, etc. 1966.
300 ## - PHYSICAL DESCRIPTION
Extent 255 p.
Dimensions 22 cm.
856 41 - ELECTRONIC LOCATION AND ACCESS
Uniform Resource Identifier <a href="http://www.archive.org/details/castleugly00barr">http://www.archive.org/details/castleugly00barr</a>
Public note Free eBook from the Internet Archive
856 42 - ELECTRONIC LOCATION AND ACCESS
Uniform Resource Identifier <a href="http://www.openlibrary.org/books/OL5940901M">http://www.openlibrary.org/books/OL5940901M</a>
Public note Additional information and access via Open Library
Holdings
Withdrawn status Lost status Damaged status Not for loan Collection Home library Current library Date acquired Total Checkouts Full call number Date last seen Price effective from Koha item type
        Project Gutenberg Main Library Main Library 05/25/2023   PZ4.B2738 Cas PS3552.A735 05/25/2023 05/25/2023 EBooks